000 00959aam a2200349 4500
005 20251030193932.0
008 150729b1988 xxu||||| |||| 00| 0 spa d
020 _a8475922260
041 _aESP
082 _a611.314 C284m
100 _aCarlsen, Ole
_939430
245 _aMorfologia dentaria
260 _aEspaña
260 _bDoyma
260 _c1988
300 _a181 páginas
300 _bIlustraciones a blanco y negro
490 _aMecánica Dental
650 _aANATOMÍA DENTAL
650 _aMORFOLOGÍA DENTARIA
650 _aINCISIVOS PERMANENTES SUPERIORES
650 _aINCISIVOS PERMANENTES INFERIORES
650 _aCANINOS PERMANENTES
650 _aPREMOLARES SUPERIORES
650 _aPREMOLARES INFERIORES
650 _aPRIMER MOLAR
650 _aMOLARES SUPERIORES
650 _aINCISIVOS SUPERIORES TEMPORALES
650 _aINCISIVOS INFERIORES TEMPORALES
650 _aCANINOS TEMPORALES
942 _cBK
_2ddc
999 _c6978
_d6978